Sports Quiz

Random Sports or Clickable Quiz
Score 0/44 Timer 03:00
0 Plays Today
% Correct
Gary Lineker
100%
Harry Kane
100%
Bobby Charlton
95.8%
Michael Owen
95.8%
Alan Shearer
95.8%
David Beckham
95.8%
Steven Gerrard
95.8%
Jermaine Defoe
95.8%
Matthew Upson
95.8%
Wayne Rooney
95.8%
Kieran Trippier
95.8%
Geoff Hurst
91.7%
Peter Crouch
91.7%
John Stones
91.7%
Jesse Lingard
91.7%
Harry Maguire
91.7%
David Platt
87.5%
Bryan Robson
83.3%
Paul Scholes
83.3%
Joe Cole
83.3%
Dele Alli
83.3%
Jimmy Greaves
79.2%
% Correct
Peter Beardsley
79.2%
Daniel Sturridge
79.2%
Martin Peters
70.8%
Darren Anderton
70.8%
Sol Campbell
70.8%
Stan Mortensen
66.7%
Tom Finney
66.7%
Roger Hunt
66.7%
Emile Heskey
66.7%
Nat Lofthouse
58.3%
Mark Wright
58.3%
Rio Ferdinand
58.3%
Trevor Francis
54.2%
Johnny Haynes
50%
Gerry Hitchens
50%
Wilf Mannion
41.7%
Ivor Broadis
37.5%
Dennis Wilshaw
37.5%
Derek Kevan
33.3%
Paul Mariner
33.3%
Ron Flowers
29.2%
Jimmy Mullen
20.8%
Remove Ads.
Support Sporcle.
Get the best of Sporcle when you Go Orange. This ad-free experience offers more features, more stats, and more fun while also helping to support Sporcle. Thank you for becoming a member.

You're not logged in!

Compare scores with friends on all Sporcle quizzes.
OR
Log In

Sporcle TV

Today on Sporcle TV


Watch our educational content, quiz creation guides, and fun videos on Sporcle TV.

Show Comments

Extras

Top Quizzes Today


Score Distribution

Paid Content

Your Account Isn't Verified!

In order to create a playlist on Sporcle, you need to verify the email address you used during registration. Go to your Sporcle Settings to finish the process.

Report this User

Report this user for behavior that violates our Community Guidelines.

Details: